| 000 | 00485nam a2200169 a 4500 | ||
|---|---|---|---|
| 005 | 20140412111349.0 | ||
| 008 | 050420s19uu xx 00 eng d | ||
| 020 | _a0-590-38621-2 | ||
| 050 |
_aER _bTe22 1998 |
||
| 245 |
_aTeletubbies: like to dance! / _cillustrated by the Thompson Brothers. |
||
| 260 |
_aNew York : _bScholastic Inc., _c1998. |
||
| 300 | _a1 v. (unp.) ; ill. | ||
| 440 | _aTeletubbies | ||
| 650 |
_aDance _xFiction |
||
| 650 | _aChildren stories | ||
| 999 |
_c105264 _d105264 |
||